000 02891nam a22002537a 4500
003 NALT
005 20230619163054.0
008 230129b th ||||| |||| 00| 0 tha d
020 _a9786167202358
040 _aNALT
041 _atha
050 _aDS 528.5
_bท445ป 2556
100 1 _aทิน อ่อง
_929302
245 1 0 _aประวัติศาสตร์พม่า =
_bA history of Burma /
_cหม่องทิน อ่อง ; เพ็ชรี สุมิตร, แปล.
250 _aพิมพ์ครั้งที่ 4.
260 _aกรุงเทพฯ :
_bมูลนิธิโครงการตำราสังคมศาสตร์และมนุษยศาสตร์,
_c2556.
300 _a(49), 374 หน้า :
_bภาพประกอบ, แผนที่ ;
_c21 ซม.
505 0 _aบทที่ 1 พม่าในเอเชียตะวันออกเฉียงใต้ -- บทที่ 2 อาณาจักรดั้งเดิม : มอญและปยุ -- บทที่ 3 อาณาจักรพุกามและจักรวรรดิพม่าครั้งแรก -- บทที่ 4 ความเสื่อมของอาณาจักรพุกามและการรุกรานของชนชาติมองโกล -- บทที่ 5 กรุงอังวะเป็นอริกับกรุงพะโค ไทยใหญ่เป็นอริกับมอญ -- บทที่ 6 จักรวรรดิพม่าครั้งที่สอง -- บทที่ 7 ความเสื่อมของอาณาจักรบุเรงนอง -- บทที่ 8 พระเจ้าอลองพญากับจักรวรรดิพม่าครั้งที่สาม -- บทที่ 9 พม่าในสมัยก่อนทำสงครามกับอังกฤษ -- บทที่ 10 อังกฤษบุกรุกพม่า ค.ศ. 1824-1852 -- บทที่ 11 อังกฤษได้พม่า ค.ศ. 1885 -- บทที่ 12 การกู้เอกราช ค.ศ. 1886-1948 -- ปัจฉิมลิขิต พม่าหลัง ค.ศ. 1948 คำสนทนาระหว่างบรรณาธิการและผู้แต่ง -- ภาคผนวกที่ 1 เหตุการณ์สำคัญในประวัติศาสตร์พม่า -- ภาคผนวกที่ 2 ลำดับกษัตริย์ ค.ศ. 1044-1885.
651 4 _911003
_aพม่า
_xประวัติศาสตร์
700 0 _aเพ็ชรี สุมิตร
_915491
850 _aNALT
942 _cGB
_2lcc
996 _aphornvitoo
_bCATSTF
_c2023-06-19
999 _c101354
_d101354
998 _j3099
_k พรวิทู โค้วคชาภรณ์